000 00556nam a2200181Ia 4500
008 090124s9999 xx 000 0 und d
082 _b15326
100 _aदेशमुख वसंत
245 _a सरकारी दिवस
250 _a0
260 _bमुक्ता प्रकाशन दादर
_c1982
300 _a300
600 _aदेशमुख वसंत
630 _a सरकारी दिवस
700 _aदेशमुख वसंत
730 _a सरकारी दिवस
942 _cBOOK
999 _c88276
_d88276